Địa lí học ngày nay Sách dùng cho giáo viên
Nhập đề; các giai đoạn phát triển chủ yếu của địa lí học; địa lí học hiện đạilà một hệ thống khoa học; các hệ địa lí và vỏ địa lí; sự phân dị theo khu vực của vỏ địa lí và vấn đề phân vùng địa lí tự nhiên( cảnh quan); cảnh quan địa lí; địa lí học và những vấn đề về sự tác động qua lại giữa tự nhiên...
Đã lưu trong:
| Príomhúdar: | |
|---|---|
| Údair Eile: | |
| Formáid: | Leabhar |
| Teanga: | Vietnamese |
| Foilsithe: |
Tp.HCM
Giáo dục
1985
|
| Ábhair: | |
| Clibeanna: |
Cuir Clib Leis
Gan Chlibeanna, Bí ar an gcéad duine leis an taifead seo a chlibeáil!
|
| Thư viện lưu trữ: | Mạng thư viện Đại học Đà Nẵng |
|---|
| LEADER | 01671nam a2200361 4500 | ||
|---|---|---|---|
| 001 | 000008852 | ||
| 003 | 5045 | ||
| 005 | 20111021141038.0 | ||
| 008 | 111021s1985 viesd | ||
| 041 | 0 | |a vie | |
| 082 | |a 910 |b IX-A | ||
| 100 | 0 | |a Ixatsenko A.G | |
| 245 | 0 | |a Địa lí học ngày nay |b Sách dùng cho giáo viên |c Ixatsenko A.G; Người dịch: Đào Trọng Năng | |
| 260 | |a Tp.HCM |b Giáo dục |c 1985 | ||
| 300 | |a 170 tr. |c 27 cm | ||
| 520 | |a Nhập đề; các giai đoạn phát triển chủ yếu của địa lí học; địa lí học hiện đạilà một hệ thống khoa học; các hệ địa lí và vỏ địa lí; sự phân dị theo khu vực của vỏ địa lí và vấn đề phân vùng địa lí tự nhiên( cảnh quan); cảnh quan địa lí; địa lí học và những vấn đề về sự tác động qua lại giữa tự nhiên và xã hội; địa lí học là một khoa học ứng dụng;.... | ||
| 653 | |a Địa lí học | ||
| 653 | |a Các giai đoạn phát triển | ||
| 653 | |a Hệ địa lí | ||
| 653 | |a Vỏ địa lí | ||
| 653 | |a Cảnh quan | ||
| 700 | |a Đào Trọng Năng |e Người dịch | ||
| 910 | |a Thanh |d 21/10/2011 | ||
| OWN | |a LSP | ||
| AVA | |a UDN50 |b LSP |d 910 IX-A |e unavailable |t Error 5002 Not defined in file expand_doc_bib_avail. |f 1 |g 1 |h N |i 0 |k 1 | ||
| 999 | |a From the UDN01 | ||
| AVA | |a UDN50 |b LSP |d 910 IX-A |e unavailable |t Error 5002 Not defined in file expand_doc_bib_avail. |f 1 |g 1 |h N |i 0 |k 1 | ||
| TYP | |a Monograph | ||
| TYP | |a Printed language | ||
| 980 | |a Mạng thư viện Đại học Đà Nẵng | ||